Here you will find the least and most remembered highest-grossing movies of these actors and actresses (volume II), as well as how your score stacks up against everyone else who took this quiz.

Think you can do better this time?
Play Again.
 
This Actors Highest-Grossing II Quiz has been taken 90,691 times (9 today).
Actor Movie % Guessed Right
Russell CroweGladiator
80.1%
Hilary SwankMillion Dollar Baby
71.5%
Tom CruiseMission: Impossible
65.9%
Brad PittOcean's Eleven
58.5%
Tommy Lee JonesMen in Black
54.7%
Meg RyanSleepless in Seattle
53.3%
Catherine Zeta-JonesOcean's Twelve
52.6%
Meg RyanYou've Got Mail
50.9%
Tom CruiseMission: Impossible II
49.9%
Nicolas CageNational Treasure
49.8%
Mark WahlbergThe Departed
46.4%
Bruce WillisLive Free or Die Hard
45.7%
Tommy Lee JonesBatman Forever
41.6%
Bruce WillisThe Sixth Sense
39.8%
Brad PittMr. & Mrs. Smith
38.5%
Nicolas CageNational Treasure: Book of Secrets
38.2%
Tommy Lee JonesMen in Black II
38.1%
Russell CroweA Beautiful Mind
37.7%
Actor Movie % Guessed Right
Morgan FreemanBruce Almighty
33.4%
Meg RyanTop Gun
32.8%
Tom CruiseWar of the Worlds
31.1%
Catherine Zeta-JonesTraffic
30.8%
Morgan FreemanThe Dark Knight
30.2%
Brad PittMegamind
29.7%
Catherine Zeta-JonesChicago
26.1%
Nicolas CageThe Rock
25.5%
Bruce WillisArmageddon
24.2%
Mark WahlbergPlanet of the Apes
20.5%
Mark WahlbergThe Perfect Storm
19.5%
Russell CroweAmerican Gangster
18.3%
Holly HunterThe Incredibles
16.1%
Hilary SwankP.S. I Love You
14%
Morgan FreemanBatman Begins
9.7%
Holly HunterThe Firm
5.1%
Hilary SwankInsomnia
3%
Holly HunterAlways
2.2%

How do you compare to other Actors Highest-Grossing II quiz takers?

Number % Answered
36 (all)
0.2%
31-35
0.8%
26-30
3%
21-25
9.9%
16-20
20.3%
11-15
26%
6-10
23.7%
1-5
16%

You might also like these games:
Stage Names II   Most Oscar Nominations   Actors Highest-Grossing
There are 49 comments for this game.
(Warning: comments may contain spoilers)

Actors Highest-Grossing II Quiz

  1. by Derek
  • Created Aug 27, 2009 in Movies
  • Featured Aug 27, 2009
  • Game Plays 90,691

Remember, Sporcle is now...

Friend Scores and Standings

Loading friend results....